| 000 | 01435cam a22003014a 4500 | ||
|---|---|---|---|
| 999 |
_c26316 _d26316 |
||
| 001 | 12405623 | ||
| 005 | 20170203164449.0 | ||
| 008 | 010511s2002 ctua bc 000 0 eng | ||
| 010 | _a 2001090936 | ||
| 020 | _a0300092261 (cloth : alk. paper) | ||
| 040 |
_aDLC _cDLC _dDLC |
||
| 042 | _apcc | ||
| 050 | 0 | 0 |
_aNK1175 _b.O76 2002 |
| 245 | 0 | 0 |
_aOrnament and abstraction : _bthe dialogue between non-Western, modern and contemporary art / _cedited by Markus Brüderlin with contributions by Ernst Beyeler ... [et al.]. |
| 260 |
_a[New Haven, Conn.] : _bYale University Press ; _a[Köln] : _bDumont, _c2002. |
||
| 300 |
_a255 p. : _bcol. ill. ; _c31 cm. |
||
| 500 | _aPublished on the occasion of the exhibition held June 10-Oct. 7, 2001 in the Fondation Beyeler, Riehen, Basel. | ||
| 504 | _aIncludes bibliographical references (p. 242-245). | ||
| 650 | 0 |
_aDecoration and ornament _xHistory _vExhibitions. |
|
| 650 | 0 |
_aDecoration and ornament _xInfluence _vExhibitions. |
|
| 650 | 0 |
_aArt, Abstract _vExhibitions. |
|
| 700 | 1 | _aBrüderlin, Markus. | |
| 710 | 2 | _aFondation Beyeler. | |
| 942 |
_2lcc _cBOOKS _hNK1175 .O76 2002 |
||